Základy sociální politiky. Díl 1

Bibliographic Details
Main Author: Macek, Josef (Author)
Format: Book
Language:Undetermined
PhysicalDescription:366 s.
Published: Praha Ústřední dělnické knihkupectví a nakl. 1925

MARC

LEADER 00000nam a2200000 a 4500
001 vtls001359359
003 SK-MaSNL
005 20260301010618.0
008 240314s1925 xx 0 und
035 |a SNK000312894 
040 |a SNK  |b slo  |c SNK  |e AACR2 
100 1 |a Macek, Josef  |4 aut  |9 285594 
245 1 0 |a Základy sociální politiky. Díl 1 
260 |a Praha  |b Ústřední dělnické knihkupectví a nakl.  |c 1925 
300 |a 366 s. 
999 |c 548641  |d 550571 
952 |t P60, <04>, [BOOK], {604}  |a SNK  |b SNK  |y VYP  |7 0  |p 17A0188185  |o snkIC 44445/1 D1  |0 0  |1 1  |4 0  |d 1999-04-06  |l 0  |r 2005-01-02 00:00:00  |w 2026-02-23 
952 |t P60, <04>, [BOOK], {604}  |a SNK  |b SNK  |y VYP  |7 0  |p 17A0227364  |o snkIC 44445/1  |0 0  |1 0  |4 0  |d 2000-03-04  |l 0  |r 2005-01-02 00:00:00  |w 2026-02-23